| 000 | 00783 am a2200241ua 4500 | ||
|---|---|---|---|
| 001 | 009432057 | ||
| 005 | 20131111125950.0 | ||
| 008 | 030422s2003 enka || 001 ||eng | ||
| 015 |
_aGBA316868 _2bnb |
||
| 020 | _a0727732110 | ||
| 020 | _a9780727732118 | ||
| 082 | 0 | 4 |
_a624.068 _222 _bHOW |
| 100 | 1 |
_aHowes, R. _q(Rodney) _934346 |
|
| 245 | 1 | 0 |
_aStrategic management applied to international construction / _cR. Howes and J.H.M. Tan. |
| 260 |
_aLondon : _bThomas Telford, _c2003. |
||
| 300 |
_a276 p. : _bill. ; _c25 cm. |
||
| 504 | _aIncludes bibliographical references and index. | ||
| 650 | 0 |
_aConstruction industry _xManagement. _934347 |
|
| 653 |
_bCiv _cNovember2013 |
||
| 655 |
_vreading book _934232 |
||
| 700 | 1 |
_aTan, J. H. M. _q(Joseph H. M.) _934348 |
|
| 942 |
_2ddc _cBB |
||
| 999 |
_c17724 _d17696 |
||